Haltestellen Quiz der S3 Rostock - Statistiken

Allgemein
  • Dieses Quiz wurde 12 mal gespielt
  • Das Durchschnittsergebnis liegt bei 14 aus 18
Antwortstatistiken
Anzahl an Haltestellen: Haltestellen: % Korrekt
9. R. Parkstraße
100%
1. Warnemünde
100%
18. Güstrow
89%
7. R. Bramow
89%
5. R. Evershagen
89%
8. R. Holbeinplatz
89%
3. R. Lichtenhagen
89%
4. R. Lütten Klein
89%
6. R. Marienehe
89%
10. Rostock Hauptbahnhof
89%
2. R. Warnemünde Werft
89%
11. Kavelstorf (Kr Rostock)
78%
14. Laage (Mecklenburg-Vorpommern)
67%
17. Priemerburg
56%
13. Kronskamp
44%
16. Plaaz
44%
15. Subzin-Liessow
44%
12. Scharstorf
33%
Keine übereinstimmenden Quizze gefunden
Verteilung der Resultate
Anzahl Personen mit jedem Resultat
Perzentil nach korrekt beantworteten Fragen
Ihre Resultats-Entwicklung
Sie haben dieses Quiz noch nicht gespielt